| Tag |
First Indicator |
Second Indicator |
Subfields |
| LEADER |
00000cam a2200000 a 4500 |
| 001 |
in00002638305 |
| 005 |
20151202113259.0 |
| 008 |
101111s2010 caua b 001 0 eng c |
| 020 |
|
|
|a 0833050567
|
| 020 |
|
|
|a 9780833050564
|
| 035 |
|
|
|a (OCoLC)ocn680614570
|
| 035 |
|
|
|a (OCoLC)680614570
|
| 040 |
|
|
|a YDXCP
|c YDXCP
|d SYB
|d NDD
|d AFQ
|d TXA
|d UtOrBLW
|
| 042 |
|
|
|a pcc
|
| 049 |
|
|
|a TXAM
|
| 050 |
|
4 |
|a TL1499
|b .B162 2010
|
| 100 |
1 |
|
|a Baiocchi, Dave.
|
| 245 |
1 |
0 |
|a Confronting space debris :
|b strategies and warnings from comparable examples including Deepwater Horizon /
|c Dave Baiocchi, William Welser.
|
| 264 |
|
1 |
|a Santa Monica :
|b Rand Corporation,
|c 2010.
|
| 300 |
|
|
|a xxvii, 127 pages :
|b illustrations (some color) ;
|c 23 cm.
|
| 336 |
|
|
|a text
|b txt
|2 rdacontent
|
| 337 |
|
|
|a unmediated
|b n
|2 rdamedia
|
| 338 |
|
|
|a volume
|b nc
|2 rdacarrier
|
| 490 |
1 |
|
|a Rand Corporation monograph series
|
| 500 |
|
|
|a "MG-1042-DARPA"--P. [4] of cover.
|
| 504 |
|
|
|a Includes bibliographical references and index.
|
| 530 |
|
|
|a Also avaialable via the Internet.
|
| 650 |
|
0 |
|a Space debris.
|
| 650 |
|
0 |
|a Space industrialization.
|
| 700 |
1 |
|
|a Welser, William,
|c IV.
|
| 710 |
2 |
|
|a Rand Corporation.
|
| 710 |
2 |
|
|a National Defense Research Institute (U.S.)
|
| 830 |
|
0 |
|a Rand Corporation monograph series.
|
| 856 |
4 |
|
|u http://www.rand.org/pubs/monographs/2010/RAND_MG1042.pdf
|t 0
|
| 948 |
|
|
|a cataloged
|b h
|c 2010/12/10
|d c
|e ceaton
|f 12:04:16 pm
|
| 994 |
|
|
|a C0
|b TXA
|
| 999 |
|
|
|a MARS
|
| 999 |
f |
f |
|s 8160d670-3db0-3db1-89b5-c5fec3d1345f
|i 12a35783-e674-38e7-ac53-64a37c4255c2
|t 0
|
| 952 |
f |
f |
|p normal
|a Texas A&M University
|b College Station
|c Sterling C. Evans Library
|d Evans: Library Stacks
|t 0
|e TL1499 .B162 2010
|h Library of Congress classification
|i unmediated -- volume
|m A14839463787
|
| 998 |
f |
f |
|a TL1499 .B162 2010
|t 0
|l Evans: Library Stacks
|